Diseño del sistema de gestión operativa del departamento de valor agregado de DHL Costa Rica
Shranjeno v:
| Glavni avtor: | |
|---|---|
| Drugi avtorji: | , |
| Format: | Knjiga |
| Izdano: |
[San José, Costa Rica]
2009
|
| Teme: | |
| Oznake: |
Označite
Brez oznak, prvi označite!
|
MARC
| LEADER | 00000nam a2200000Ia 4500 | ||
|---|---|---|---|
| 003 | 001491 | ||
| 005 | 20221231144044.0 | ||
| 008 | 140114s2009 cr a 000 ||s d | ||
| 040 | |c cru CEDI | ||
| 090 | |a TFG 6009 | ||
| 100 | |a Barsallo Quiros, Ricardo |9 3470 | ||
| 245 | |a Diseño del sistema de gestión operativa del departamento de valor agregado de DHL Costa Rica | ||
| 260 | |c 2009 |b [San José, Costa Rica] | ||
| 300 | |a 2 volúmenes; ilustraciones a color | ||
| 500 | |a Proyecto de graduación (licenciatura en ingeniería industrial)--Universidad de Costa Rica. Facultad de Ingeniería. Escuela de Ingeniería Industrial | ||
| 650 | |x DHL EXPRESS AND LOGISTICS |x PLANIFICACION ESTRATEGICA |x ORGANIZACION |x CLIMA ORGANIZATIVO |x PLANIFICACION EMPRESARIAL |x VALOR AGREGADO |9 3473 | ||
| 700 | |9 3471 |a Quirós Coto, Pedro | ||
| 700 | |9 3472 |a Rodríguez Morice, Federico | ||
| 942 | |c TFG | ||
| 999 | |c 16219 |d 16219 | ||
